书目信息 |
| 题名: |
塑木生产技术与废塑料利用
|
|
| 作者: | 苑志伟 , 魏若奇 编著 | |
| 分册: | ||
| 出版信息: | 北京 化学工业出版社 2002.05 |
|
| 页数: | 156页 | |
| 开本: | 20cm | |
| 丛书名: | ||
| 单 册: | ||
| 中图分类: | X78 | |
| 科图分类: | ||
| 主题词: | 化学工业废物--废物处理 , 化学工业废物--废物综合利用 , 化学工业废物 , 化学废物 , 化学废物--废物处理 , 化学废物--废物综合利用 | |
| 电子资源: | ||
| ISBN: | 7-5025-3808-9 | |
| 000 | 00812nam0 2200265 45 | |
| 001 | 0438969918 | |
| 005 | 2004042810492842 | |
| 010 | @a7-5025-3808-9@dCNY 15.00 | |
| 100 | @a20040428d2002 km y0chiy0120 ea | |
| 101 | 0 | @achi |
| 102 | @aCN@b110000 | |
| 200 | 1 | @a塑木生产技术与废塑料利用@ASu Mu Sheng Chan Ji Shu Yu Fei Su Liao Li Yong@f苑志伟,魏若奇编著@Fyuan zhi wei,wei ruo qi bian zhu |
| 210 | @a北京@c化学工业出版社@d2002.05 | |
| 215 | @a156页@d20cm | |
| 606 | 0 | @a化学工业废物@x废物处理 |
| 606 | 0 | @a化学工业废物@x废物综合利用 |
| 606 | 0 | @a化学工业废物 |
| 606 | 0 | @a化学废物 |
| 606 | 0 | @a化学废物@x废物处理 |
| 606 | 0 | @a化学废物@x废物综合利用 |
| 690 | @aX78@v3 | |
| 701 | 0 | @a苑志伟@Ayuan zhi wei@4编著 |
| 701 | 0 | @a魏若奇@Awei ruo qi@4编著 |
| 801 | 0 | @aCN@bPFT@c20040428 |
| 905 | @dX78@eY940 | |
| 塑木生产技术与废塑料利用/苑志伟,魏若奇编著.-北京:化学工业出版社,2002.05 |
| 156页;20cm |
| ISBN 7-5025-3808-9:CNY 15.00 |
| ● |
| 相关链接 |
|
|
|
正题名:塑木生产技术与废塑料利用
索取号:X78/Y940
 
预约/预借
| 序号 | 登录号 | 条形码 | 馆藏地/架位号 | 状态 | 备注 |
| 1 | 390695 | 203906951 | 自科库501/501自科库 110排1列6层/ [索取号:X78/Y940] | 在馆 | |
| 2 | 390696 | 203906960 | 自科二线504/501自科库 110排1列6层/ [索取号:X78/Y940] | 在馆 | |
| 3 | 390697 | 203906979 | 自科二线504/504自科库 27排2列1层/ [索取号:X78/Y940] | 在馆 |